Current surgical therepy.(11th ed.) (Record no. 31202)

MARC details
000 -LEADER
fixed length control field 00722nam a2200181 a 4500
008 - FIXED-LENGTH DATA ELEMENTS--GENERAL INFORMATION
fixed length control field 170322s2014 ||||||||||||||||| || u
020 ## - INTERNATIONAL STANDARD BOOK NUMBER
International Standard Book Number 9781455740079
050 ## - LIBRARY OF CONGRESS CALL NUMBER
Classification number RM 32 Cam
100 ## - MAIN ENTRY--PERSONAL NAME
Personal name Cameron, Andrew M
245 10 - TITLE STATEMENT
Title Current surgical therepy.(11th ed.)
Statement of responsibility, etc. By John L. Cameron [and] Andrew M. Cameron
250 ## - EDITION STATEMENT
Edition statement 11th ed.
260 ## - PUBLICATION, DISTRIBUTION, ETC.
Place of publication, distribution, etc. Philadelphia:
Name of publisher, distributor, etc. Elsevier Saunders
Date of publication, distribution, etc. 2014
300 ## - PHYSICAL DESCRIPTION
Extent xxxviii, 1493p.: ill.
350 ## -
-- 220.00
650 ## - SUBJECT ADDED ENTRY--TOPICAL TERM
Topical term or geographic name entry element OPERATIVE SURGERY--TECHNIQUE OF SURGICAL OPERATIONS
700 ## - ADDED ENTRY--PERSONAL NAME
Personal name Cameron, John L
995 ## -
-- MEDICAL LIBRARY OPEN ACCESS
-- 903777
-- CBU-SCHOOL OF MEDICINE LIBRARY (Ndola)
-- 220.00
-- RD 32 Cam
-- 1
-- AVAILABLE
-- Mar 22, 2017
-- 903777
-- Medical Library Open Access Collection
999 ## -
-- 31202
-- 31202
Holdings
Withdrawn status Lost status Source of classification or shelving scheme Damaged status Not for loan Permanent Location Current Location Shelving location Date acquired Total Checkouts Full call number Barcode Date last seen Price effective from Koha item type
          CBU-SCHOOL OF MEDICINE LIBRARY, NDOLA. CBU-SCHOOL OF MEDICINE LIBRARY, NDOLA.   11/30/2022   RM 32 Cam 903777 11/30/2022 11/30/2022 MONOGRAPH